000 00488nam a2200193 a 4500
001 1769488318441
003 YourLibrary
005 20260128114522.0
008 260127s2003##################000#0#eng##
020 _a9780761927358
082 0 4 _a303.6
_bPOT
100 1 _aPotter, W. James,
_eauthor.
245 1 0 _aThe 11 Myths of Media Violence :
260 _bSAGE,
_c2003.
300 _a292 pages
650 0 _aFiction.
942 _cENGLISH
040 _aYourLibrary
_beng
_cYourLibrary
999 _c609321
_d609321